00967 2200229 4500001002100000005001700021008004100038035002500079040001200104082001500116084002000131100004100151245017200192260005900364300004300423500016700466504002800633650003500661700001100696850001200707990001800719INLIS00000000000928520150808071732.0  a0010-081500000000723 aYOPDYOG 223a530.07 aSK 530.07 Mei P aMEILIYANI Wahyu Tri Bintarti Cicilia aPemahaman siswa tentang perambatan,pemantulan, dan pembiasan cahayab(Studi kasus pada siswa kelas XF SMA BOPKRI I Yogyakarta )c/ Meiliyani Wahyu Tri Bintarti Cicilia aYogyakartabUniversitas Sanata Dharma Yogyakartac2008 axvi, 86 lembar. ;.b: ilusc; 29,5 cm. aSkripsi Prodi Pendidikan Fisika Jurusan Pendidikan Matematika dan Ilmu Pengetahuan Alam Fakultas Keguruan dan Ilmu Pendidikan Universitas Sanata Dharma Yogyakarta aBibliografi: hlm. 85-86 aFisika -- Studi dan Pengajaran aSARKIM aYOPDYOG a47540-PD/A.15